Reprisal /

Bibliographic Details
Main Author: Stone, Grace Zaring, 1891-1991
Format: Book
Language:English
Published: Boston : Little, Brown, 1943.

MARC

Tag First Indicator Second Indicator Subfields
LEADER 00000cam a2200000 4500
001 in00000030698
005 20151007063007.0
008 790201s1942 mau 00011 eng d
010 |a  42036381  
035 |a (OCoLC)04607208 
035 |9 AAD6281AM 
040 |a NJT  |c NJT  |d TXA  |d UtOrBLW 
049 |a TXAM  |c 1 [104926]  |c 2 [152503]  |c 3 [429381] 
050 0 |a PZ3.S8786  |b Re 
090 |a PS3537.T667  |b R36 1943 
092 |a 813  |b S8769r 
100 1 |a Stone, Grace Zaring,  |d 1891-1991. 
245 1 0 |a Reprisal /  |c [by] Ethel Vance [pseudonym]. 
264 1 |a Boston :  |b Little, Brown,  |c 1943. 
300 |a 3 pages ., [3]-334 pages ;  |c 21 cm. 
336 |a text  |b txt  |2 rdacontent 
337 |a unmediated  |b n  |2 rdamedia 
338 |a volume  |b nc  |2 rdacarrier 
999 |a MARS 
999 f f |s 80a220ce-d69f-3d7b-bfb6-7337c62e6731  |i c4be8b00-0313-342c-815b-e48568a4560c  |t 0 
952 f f |p ric  |a Texas A&M University  |b Rellis Campus  |c Joint Library Facility  |s JLF  |d Remote Storage  |t 0  |e PS3537.T667 R36 1943  |h Library of Congress classification  |i unmediated -- volume  |m A14801252039 
998 f f |a PS3537.T667 R36 1943  |t 0  |l Remote Storage